Countries Poorer Than Their Neighbors - Statistics

General Stats
  • This quiz has been taken 40 times
  • The average score is 29 of 36
Answer Stats
GDP per capita # Borders Country % Correct
$6,767 2 Moldova
97%
$1,555 3 North Korea
94%
$33,225 1 Portugal
94%
$46,718 1 United Kingdom
94%
$1,904 1 Haiti
91%
$3,795 1 Papua New Guinea
91%
$2,718 5 Syria
91%
$2,572 2 Yemen
91%
$11,030 4 Armenia
89%
$50,878 1 Canada
89%
$3,184 1 Lesotho
89%
$2,047 6 Afghanistan
86%
$7,822 5 Bolivia
86%
$801 6 Central African Republic
86%
$11,462 4 Kosovo
86%
$5,340 1 East Timor
83%
$2,916 1 Gambia
83%
$1,425 3 Somalia
83%
$724 3 Burundi
80%
$4,648 3 Cambodia
80%
$11,815 2 Ecuador
80%
$1,299 3 Liberia
80%
$1,822 3 Togo
80%
$4,949 2 Bangladesh
77%
$54,018 1 Denmark
77%
$8,952 3 Guyana
77%
$5,404 3 Honduras
77%
$1,101 7 Niger
77%
$1,270 3 Malawi
74%
$3,117 2 Nepal
74%
$14,872 2 Mongolia
71%
$8,997 2 Belize
69%
$1,992 3 Eritrea
69%
$1,841 2 Guinea-Bissau
69%
$4,166 4 Kyrgyzstan
63%
$14,164 3 Bosnia and Herzegovina
57%
No matching quizzes found
Score Distribution
Percent of People with Each Score
Percentile by Number Answered
Your Score History
You have not taken this quiz